000 00510nam a2200181Ia 4500
005 20250326125036.0
008 250326s9999 xx 000 0 und d
037 _aTextbook
040 _aFMSL
_beng
_cFMSL
041 _aeng
_2eng
084 _aX:8M.1 K4
_qFMSL
100 _aNPC
245 0 _aOffice management in Japan, USA and Britain
_cNPC
260 _aNew Delhi
_bNew Delhi, National Productivity Council
_c1964
300 _a120p
942 _cTB
_hX:8M.1 K4
999 _c1276289
_d1276289